El panteísmo germano-francés : (Record no. 167470)

MARC details
000 -LEADER
campo de control de longitud fija 01119nam a22002535i 4500
001 - NÚMERO DE CONTROL
campo de control 167470
003 - IDENTIFICADOR DE NÚMERO DE CONTROL
campo de control ES-MaACL
005 - FECHA Y HORA DE LA ÚLTIMA TRANSACCIÓN
campo de control 20250817210122.0
008 - DATOS DE LONGITUD FIJA--INFORMACIÓN GENERAL
campo de control de longitud fija 990412s1864 sp |||| | spa d
080 ## - NÚMERO DE LA CLASIFICACIÓN DECIMAL UNIVERSAL
Número de la Clasificación Decimal Universal 821.133.1Renan, Ernest1.07
080 ## - NÚMERO DE LA CLASIFICACIÓN DECIMAL UNIVERSAL
Número de la Clasificación Decimal Universal 212
100 1# - ENTRADA PRINCIPAL--NOMBRE DE PERSONA
Nombre de persona Vidart, Luis,
Fechas asociadas al nombre 1833-1897
Término indicativo de función/relación Autor
9 (RLIN) 114538
245 13 - MENCIÓN DEL TÍTULO
Título El panteísmo germano-francés :
Resto del título apuntes críticos sobre las doctrinas filosóficas de Mr. Ernesto Renán /
Mención de responsabilidad, etc. por D. Luis Vidart.
260 ## - PUBLICACIÓN, DISTRIBUCIÓN, ETC.
Lugar de publicación, distribución, etc. Madrid :
Nombre del editor, distribuidor, etc. [s.n.],
Fecha de publicación, distribución, etc. 1864
Fabricante (Est. Tip. de T. Fortanet)
300 ## - DESCRIPCIÓN FÍSICA
Extensión 43 páginas ;
Dimensiones 23 cm.
530 ## - NOTA DISPONIBLE DE FORMULARIO FÍSICO ADICIONAL
Nota de formato físico adicional disponible Disponible en formato digital
600 14 - PUNTO DE ACCESO ADICIONAL DE MATERIA--NOMBRE DE PERSONA
Nombre de persona Renan, Ernest,
Fechas asociadas al nombre 1823-1892-
Subdivisión general Crítica e interpretación
9 (RLIN) 96169
650 #4 - PUNTO DE ACCESO ADICIONAL DE MATERIA--TÉRMINO DE MATERIA
Término de materia o nombre geográfico como elemento de entrada Panteísmo.
9 (RLIN) 156326
852 4# - LOCALIZACIÓN
Ubicación ES-MaACL
Ubicación en estantería Depósito folletos
Anotaciones manuscritas Dedicatoria autógrafa del autor
Donativo/Legado Donativo de Luis Vidart
Número de control de estantería T-83-F-8
Encuadernación Enc. en un vol. facticio
-- Holandesa, falto de enc. original
856 4# - LOCALIZACIÓN Y ACCESO ELECTRÓNICOS
Identificador Uniforme de Recursos <a href="http://bdh-rd.bne.es/viewer.vm?id=0000109997&page=1 ">http://bdh-rd.bne.es/viewer.vm?id=0000109997&page=1 </a>
Texto de enlace Versión en línea
Nota pública (Biblioteca Digital Hispánica)
942 ## - ELEMENTOS DE ENTRADA SECUNDARIOS (KOHA)
Fuente del sistema de clasificación o colocación Clasificación decimal universal
Tipo de ítem Koha Folleto
Suprimir en OPAC No
Holdings
Estatus retirado Estado de pérdida Fuente del sistema de clasificación o colocación Estado de daño No para préstamo Colección Biblioteca de origen Biblioteca actual Ubicación en estantería Fecha de adquisición Fuente de adquisición Número de control de estantería Total de préstamos Signatura topográfica completa Código de barras Visto por última vez Tipo de ítem Koha Nota pública
    Clasificación decimal universal     Colección de folletos Biblioteca del Ateneo de Madrid Biblioteca del Ateneo de Madrid Depósito folletos 17/01/2008 Donación 1   T-83-F-8 1175686 23/02/2023 Folleto Dedicatoria autógrafa del autor